000 00687nam a2200253Ia 4500
003 OSt
005 20220924122114.0
006 a|||||r|||| 00| 0
007 ta
008 220923b |||||||| |||| 00| 0 urd d
020 _c3.25
024 _a320915
037 _cTextual
040 _aARTS
_cARTS
_burd
041 _2urd
_aurd
082 _aQ7wD582, 168J8
100 _aKhan Abu yahya Imam Au.
_9188319
245 0 _aHazrat Umar ke siyasi nazriye
260 _alahore
_bGosha-e-adab Pakistan
_c1958
300 _a240p.
_ccm.
650 _aISLAM
_9577
942 _hQ7wD582, 168J8
_cTEXL
_2CC
999 _c410278
_d410278